000 00471pab a2200157 454500
008 180718b2017 xxu||||| |||| 00| 0 eng d
100 _aRothstein, Jesse
245 _aScraping by: income and program participation after the loss of extended unemployment benefits
260 _c2017
300 _ap.880-908.
362 _aFall
650 _aSocial security
700 _aValletta, Robert G.
773 _aJournal of Policy Analysis and Management
909 _a116307
999 _c116301
_d116301